International business management : (Record no. 59079)
[ view plain ]
| 000 -LEADER | |
|---|---|
| fixed length control field | 00942nam a2200289 a 4500 |
| 001 - CONTROL NUMBER | |
| control field | 59079 |
| 003 - CONTROL NUMBER IDENTIFIER | |
| rucl marc code | BD-RjUL |
| 005 - DATE AND TIME OF LATEST TRANSACTION | |
| control field | 20211209080706.0 |
| 008 - FIXED-LENGTH DATA ELEMENTS--GENERAL INFORMATION | |
| fixed length control field | 161220s1969 nyua b 000 0 eng |
| 035 ## - SYSTEM CONTROL NUMBER | |
| System control number | MITb10160333 |
| System control number | (BD-RjUL)59203 |
| System control number | GLIS00160333 |
| 040 ## - CATALOGING SOURCE | |
| Original cataloging agency | DLC |
| Transcribing agency | DLC |
| Modifying agency | m.c. |
| -- | MYG |
| Language of cataloging | eng |
| 041 ## - LANGUAGE CODE | |
| Language code of text/sound track or separate title | eng |
| 082 ## - DEWEY DECIMAL CLASSIFICATION NUMBER | |
| Edition number | 23 |
| Classification number | 658.18 |
| Author mark and year | FAI 1969 |
| 090 ## - LOCALLY ASSIGNED LC-TYPE CALL NUMBER (OCLC); LOCAL CALL NUMBER (OCLC) | |
| Classification number (OCLC) (R) ; Classification number, CALL (RLIN) (NR) | HD69.I7 |
| Local cutter number (OCLC) ; Book number/undivided call number, CALL (RLIN) | F2835 |
| 099 ## - LOCAL FREE-TEXT CALL NUMBER (OCLC) | |
| Bangla Class number | HD69.I7.F2835 |
| 100 1# - MAIN ENTRY--PERSONAL NAME | |
| Personal name | Fayerweather, John. |
| 9 (RLIN) | 175560 |
| 245 10 - TITLE STATEMENT | |
| Title | International business management : |
| Remainder of title | a conceptual framework / |
| Statement of responsibility, etc. | John Fayerweather |
| 260 ## - PUBLICATION, DISTRIBUTION, ETC. (IMPRINT) | |
| Place of publication, distribution, etc. | New York : |
| Name of publisher, distributor, etc. | McGraw-Hill, |
| Date of publication, distribution, etc. | c1969 |
| 300 ## - PHYSICAL DESCRIPTION | |
| Pagination | xii, 220 p. : |
| Illustrations | ill. ; |
| Size | 21 cm. |
| 490 1# - SERIES STATEMENT | |
| Series statement | McGraw-Hill series in international business |
| 504 ## - BIBLIOGRAPHY, ETC. NOTE | |
| Bibliography, etc | Bibliography: p. 209-212. Bibliographical footnotes. |
| 650 #0 - SUBJECT ADDED ENTRY--TOPICAL TERM | |
| Topical term or geographic name as entry element | International business enterprises. |
| 9 (RLIN) | 175561 |
| 830 #0 - SERIES ADDED ENTRY--UNIFORM TITLE | |
| Uniform title | McGraw-Hill series in international business. |
| 942 ## - ADDED ENTRY ELEMENTS (KOHA) | |
| Source of classification or shelving scheme | Dewey Decimal Classification |
| Koha item type | Books |
| Lost status | Source of classification or shelving scheme | Damaged status | Not for loan | Collection code | Permanent Location | Current Location | Shelving location | Date acquired | Source of acquisition | Cost, normal purchase price | Total Checkouts | Full call number | Date last seen | Copy number | Koha item type |
|---|---|---|---|---|---|---|---|---|---|---|---|---|---|---|---|
| Dewey Decimal Classification | Not For Loan | Non-fiction | Central Library, University of Rajshahi | Central Library, University of Rajshahi | Reading Room | Sweets & Zuitlinger | 60.00 | 658.18 FAI 1969 | 20/12/2016 | C-1 | Books | ||||
| Dewey Decimal Classification | Non-fiction | Central Library, University of Rajshahi | Central Library, University of Rajshahi | 18/04/2019 | Sweets & Zeitlinger | 60.00 | 658.18 FAI 1969 | 18/04/2019 | C-2 | Books | |||||
| Dewey Decimal Classification | Non-fiction | Central Library, University of Rajshahi | Central Library, University of Rajshahi | 07/03/1974 | Canada Govt. | 658.18 FAI 1969 | 28/04/2019 | C-3 | Books |